000
00302nam a22001097a 4500
008
170110b xxu||||| |||| 00| 0 eng d
020
_a
2900781776188
041
_a
eng
080
_2
6TH
_a
618.2
245
_a
STEDMAN'S MEDICAL DICTIONARY FOR THE HEALTH PROFESSIONS AND NURSING
_c
KLUWER, W
942
_2
udc
_c
BK
999
_c
2638
_d
2638